00842 a2200229 45000010006000000050017000060080041000230030015000640400040000790800039001192450053001580200022002112500012002332640034002453000026002790410008003051000028003137000037003417000031003787000032004098560171004411172420260407155440.0260407a2012 arg spa dAR-UNSa-BCEJYS aAR-UNSa-BCEJYSbspacAR-UNSa-BCEJYS a347.7(094.4)xCódigo de Comercio10aCódigo de Comercio de la República Argentina a978-987-01-1327-0 a11a. ed 1aBuenos Aires :bErreparc2012 axvii, 1036 p.c21 cm. aspa1 aParada, Ricardo Antonio1 aArgentina [Código de Comercio]1 aErrecaborde, José Daniel1 aCañada, Francisco Roberto41uhttps://biblioeco.unsa.edu.ar/pmb/images/libros/C?digo de Comercio de la Rep?blica Argentina Argentina (C?digo de Comercio) (2012).jpgyImagen de portadaqimage/jpeg